Equipes de rugby du Top 14 2022 - Statistiques

Statistiques générales
  • Ce quiz a été pris 748 fois
  • Le résultat moyen est 11 sur 14
Statistiques - réponses
victoires club % Correct
21 Toulouse
99%
14 Stade Français
91%
4 Toulon
91%
0 La Rochelle
90%
2 Bordeaux
87%
2 Clermont
83%
1 Montpellier
82%
2 Lyon
80%
7 Perpignan
80%
6 Racing 92
80%
5 Castres
77%
3 Pau
76%
0 Brive
68%
5 Biarritz
59%
Aucun quiz correspondant
Distribution des résultats
% des personnes avec chaque résultat
Percentile par nombre de réponses
Votre historique - résultats
Vous n’avez pas pris ce quiz